00364 2200145 4500245005300000250000900053100002500062650001600087005001900103260003600122041001400158084000800172300002900180336000900209 aFarah di Kota MakkahcIrvany Nabilah PutrihText a2009 aIrvany Nabilah Putri aNovel Fiksi a20230331101604 aJakartabDepartemen Agamac2009 aIndonesia a813 aviii, 160 hlm. :c21 cm. atext